[Event "7th Open"]
[Site "Dubai UAE"]
[Date "2005.04.04"]
[Round "1"]
[White "Georgiev,Ki"]
[Black "Karavade,E"]
[Result "1-0"]
[WhiteElo "2666"]
[BlackElo "2355"]
[EventDate "2005.04.04"]

1. d4 Nf6 2. c4 g6 3. Nf3 Bg7 4. g3 O-O 5. Bg2 d5 6. O-O dxc4 7. Na3 Nc6 8.
Nxc4 Be6 9. b3 a5 10. a4 Bd5 11. Bb2 Qb8 12. e3 Rd8 13. Nfd2 Bxg2 14. Kxg2
b5 15. axb5 Qxb5 16. Qf3 Nb4 17. Ra4 Ra6 18. Rfa1 Rda8 19. e4 Nd7 20. Bc3
Nc2 21. Na3 Nxa3 22. R4xa3 e5 23. d5 a4 24. Rb1 Qc5 25. Rxa4 Rxa4 26. bxa4
Rxa4 27. Qd3 Bf8 28. Rb5 Qa7 29. Qc2 Qa6 30. Rb1 Bd6 31. Bb2 f6 32. Bc3 Nb6
33. Qd1 Ra3 34. Bb4 Bxb4 35. Rxb4 Qd3 36. Qf3 Qxf3+ 37. Nxf3 Ra4 38. Rb1
Ra6 39. g4 Nd7 40. Rc1 Ra7 41. Rc6 g5 42. h4 h6 43. h5 Kf7 44. Nd2 Nb8 45.
Rc2 Kg7 46. Nf1 Rb7 47. Ne3 Ra7 48. Nf5+ Kh7 49. Rc3 Rb7 50. f3 Nd7 51. Rc6
1-0

[Event "7th Open"]
[Site "Dubai UAE"]
[Date "2005.04.04"]
[Round "1"]
[White "Sai,Sr"]
[Black "Navara,D"]
[Result "1/2-1/2"]
[WhiteElo "2355"]
[BlackElo "2647"]
[EventDate "2005.04.04"]

1. e4 c5 2. Nf3 Nc6 3. d4 cxd4 4. Nxd4 e6 5. Nb5 d6 6. c4 Nf6 7. N5c3 Be7
8. Be3 O-O 9. Be2 b6 10. O-O Bb7 11. Nd2 Rc8 12. Rc1 d5 13. cxd5 exd5 14.
exd5 Nb4 15. Bg5 Nfxd5 16. Bxe7 Qxe7 17. Nxd5 Bxd5 18. Rxc8 Rxc8 19. a3 Nc6
20. Bf3 Be6 21. Qa4 Ne5 22. Qe4 Qd6 23. Nb1 Nxf3+ 24. Qxf3 h6 25. Rd1 Qe5
26. Nc3 Bb3 27. Rf1 Rd8 28. Qe3 Qxe3 29. fxe3 f6 30. Re1 Kf7 31. Kf2 Ke6
32. Re2 Ke5 33. Ke1 f5 34. Rd2 Rxd2 35. Kxd2 f4 36. exf4+ Kxf4 37. Ke2 Bc4+
38. Kf2 g5 39. g3+ Ke5 40. Ke3 Bf1 41. b3 Bh3 42. Kd3 Bf5+ 43. Ke3 Be6 44.
b4 Bd7 45. Kd3 Bh3 46. Ke3 Bf1 47. h4 gxh4 48. gxh4 Kf5 49. h5 Ke5 50. a4
a5 51. bxa5 bxa5 52. Nd1 Kd5 53. Nf2 Kc4 54. Ng4 Bh3 55. Nxh6 Kb4 56. Kf4
Be6 57. Ng4 Bf7 58. h6 Bg6 59. Ne5 Bh7 60. Kg5 Kxa4 61. Kf6 Kb5 62. Kg7 a4
63. Kxh7 a3 64. Nf3 a2 65. Nd4+ Ka4 66. Nc2 Kb3 67. Na1+ Kb2 68. Kg6 Kxa1
69. h7 Kb1 1/2-1/2

[Event "7th Open"]
[Site "Dubai UAE"]
[Date "2005.04.04"]
[Round "1"]
[White "Ni Hua"]
[Black "Gurieli,N"]
[Result "1-0"]
[WhiteElo "2638"]
[BlackElo "2348"]
[EventDate "2005.04.04"]

1. e4 e5 2. Nf3 Nc6 3. Bb5 a6 4. Ba4 Nf6 5. O-O Be7 6. Re1 b5 7. Bb3 d6 8.
c3 O-O 9. h3 Na5 10. Bc2 c5 11. d3 h6 12. Nbd2 Qc7 13. Nf1 Bb7 14. Ng3 Rfe8
15. Nf5 Bf8 16. Nh2 Rad8 17. Re3 d5 18. Rg3 Kh7 19. exd5 Bxd5 20. Re3 g6
21. Ng3 e4 22. Ng4 Nxg4 23. Qxg4 exd3 24. Rxd3 Nc4 25. Bf4 Qc6 26. Qh4 Nxb2
27. Rd2 Nc4 28. Rdd1 Na3 29. Be4 Rd7 30. Rxd5 Rxd5 31. Kh2 Rxe4 32. Nxe4
Rf5 33. Re1 Nc4 34. f3 Bg7 35. Rd1 Qe8 36. Rd8 Qe6 37. Ng5+ Rxg5 38. Bxg5
Qe5+ 39. Bf4 Qxc3 40. Qe7 Qf6 41. Qxf6 Bxf6 42. Ra8 a5 43. Kg1 a4 44. Kf1
a3 45. Ke2 b4 46. Ra6 Bd4 47. Kd3 Nb2+ 48. Kc2 g5 49. Bd2 Nc4 50. Bc1 f6
51. Kd3 Ne5+ 52. Ke4 Kg6 53. Be3 Bxe3 54. Kxe3 h5 55. Ke4 h4 56. Rb6 Nc4
57. Rc6 1-0

[Event "7th Open"]
[Site "Dubai UAE"]
[Date "2005.04.04"]
[Round "1"]
[White "Shetty,R"]
[Black "Aleksandrov,A"]
[Result "1/2-1/2"]
[WhiteElo "2348"]
[BlackElo "2635"]
[EventDate "2005.04.04"]

1. e4 e5 2. Nf3 Nc6 3. Bb5 Nf6 4. d3 d6 5. O-O Bd7 6. Re1 a6 7. Bxc6 Bxc6
8. Nc3 Be7 9. d4 exd4 10. Nxd4 Bd7 11. h3 O-O 12. Bf4 Re8 13. Qf3 b5 14. a3
c5 15. Nf5 Bxf5 16. exf5 d5 17. Be5 Rc8 18. Bxf6 Bxf6 19. Rxe8+ Qxe8 20.
Qxd5 h6 21. Kf1 Qe7 22. Re1 Qc7 23. Qe4 Bxc3 24. bxc3 Qd6 25. Kg1 Rd8 26.
a4 bxa4 27. Qxa4 Kh7 28. Qc4 Rd7 29. g3 a5 30. Qb5 Ra7 31. Ra1 Qc7 32. Kh2
Ra8 33. h4 Ra7 34. h5 Ra8 35. f6 gxf6 36. Qd3+ Kg7 37. Ra4 Rg8 38. Qf3 Qb6
39. Rg4+ Kh8 40. Rf4 Kg7 41. Rg4+ 1/2-1/2

[Event "7th Open"]
[Site "Dubai UAE"]
[Date "2005.04.04"]
[Round "1"]
[White "Al Zendani,Z"]
[Black "Ghaem Maghami,E"]
[Result "0-1"]
[WhiteElo "2332"]
[BlackElo "2632"]
[EventDate "2005.04.04"]

1. e4 c5 2. b3 b6 3. Bb2 Bb7 4. Nc3 e6 5. Nf3 a6 6. Qe2 d6 7. d4 Nd7 8. g3
cxd4 9. Nxd4 Ngf6 10. Bg2 g6 11. O-O e5 12. Nf3 Be7 13. a4 O-O 14. Rad1 Qc8
15. Ne1 Nc5 16. Nd5 Nxd5 17. exd5 Re8 18. Nd3 Nxd3 19. Qxd3 Bf6 20. Ba3 Qd7
21. c4 b5 22. a5 bxc4 23. bxc4 Bd8 24. Qc3 Rc8 25. Qb4 Rc5 26. Rb1 Bc8 27.
Qb8 Bc7 28. Qb3 Rxa5 29. Bb4 Ra4 30. c5 dxc5 31. Bxc5 Ra5 32. Qc3 Rb5 33.
d6 Ba5 34. Qc4 Bb7 35. Bxb7 Qxb7 36. Rxb5 axb5 37. Qd3 Rc8 38. Qe3 Qd5 39.
Bb6 Rc3 0-1

[Event "7th Open"]
[Site "Dubai UAE"]
[Date "2005.04.04"]
[Round "1"]
[White "Bu Xiangzhi"]
[Black "Eid,Fa"]
[Result "1/2-1/2"]
[WhiteElo "2630"]
[BlackElo "2332"]
[EventDate "2005.04.04"]

1. d4 d5 2. c4 Bf5 3. Qb3 e5 4. dxe5 d4 5. Qxb7 Nd7 6. Nd2 Ne7 7. g4 Bxg4
8. Qe4 f5 9. exf6 Nxf6 10. Qe5 Kf7 11. Ngf3 Ng6 12. Qxd4 Bxf3 13. Qxd8 Rxd8
14. Nxf3 Bb4+ 15. Bd2 Rxd2 16. Nxd2 Ne4 17. O-O-O Nxf2 18. Bg2 Nxh1 19.
Rxh1 Bd6 20. Bd5+ Ke7 21. Nb3 Nf4 22. Nd4 Nxd5 23. cxd5 Rf8 24. Kd2 Be5 25.
Nc6+ Kd6 26. Nxe5 Kxe5 27. Rc1 Rf7 28. Rc5 Kd6 29. Ra5 Rf5 30. e4 Rf2+ 31.
Kc3 Rxh2 32. Ra6+ Kd7 33. b4 g5 34. Rxa7 g4 35. e5 Re2 36. Kd4 g3 37. Ra8
h5 1/2-1/2

[Event "7th Open"]
[Site "Dubai UAE"]
[Date "2005.04.04"]
[Round "1"]
[White "Safarli,E"]
[Black "Sargissian,G"]
[Result "1/2-1/2"]
[WhiteElo "2328"]
[BlackElo "2630"]
[EventDate "2005.04.04"]

1. e4 e5 2. Nf3 Nc6 3. Nc3 Nf6 4. d4 exd4 5. Nxd4 Bb4 6. Nxc6 bxc6 7. Bd3
d6 8. O-O h6 9. Ne2 O-O 10. Nd4 Bc5 11. c3 Bd7 12. Qf3 Ng4 13. Bf4 Qf6 14.
Nf5 Ne5 15. Qg3 Nxd3 16. Qxd3 Rfe8 17. Be3 Bxf5 18. exf5 Bxe3 19. fxe3 Qe5
20. Rf3 Qe4 21. Qxe4 Rxe4 22. Kf2 Rae8 23. Re1 Kf8 24. Rf4 h5 25. g3 d5 26.
h3 R8e5 27. g4 Rxf4+ 28. exf4 Rxe1 29. Kxe1 hxg4 30. hxg4 Ke7 31. Kd2 Kd6
32. Kd3 Kc5 33. b3 Kd6 34. Kd4 a5 35. a4 c5+ 36. Kd3 f6 37. c4 1/2-1/2

[Event "7th Open"]
[Site "Dubai UAE"]
[Date "2005.04.04"]
[Round "1"]
[White "Miroshnichenko,E"]
[Black "Velcheva,M"]
[Result "1-0"]
[WhiteElo "2628"]
[BlackElo "2327"]
[EventDate "2005.04.04"]

1. Nf3 d5 2. d4 Nf6 3. c4 c6 4. Qc2 e6 5. g3 b6 6. Bg2 Bb7 7. O-O Nbd7 8.
Nc3 Be7 9. e4 O-O 10. e5 Ne8 11. cxd5 cxd5 12. h4 b5 13. Nxb5 Ba6 14. a4
Qb6 15. Bg5 Bxg5 16. hxg5 Rc8 17. Qd2 Bxb5 18. axb5 Nc7 19. Rfd1 Nxb5 20.
Bf1 Rc7 21. Bd3 g6 22. Qf4 a5 23. Kg2 Rb8 24. Rh1 Nf8 25. Rh4 Na7 26. Nh2
f5 27. gxf6 Kf7 28. Nf3 Nc6 29. Qg4 Ke8 30. Ng5 Nd8 31. Nxh7 1-0

[Event "7th Open"]
[Site "Dubai UAE"]
[Date "2005.04.04"]
[Round "1"]
[White "Efimenko,Z"]
[Black "Aleskerov,F"]
[Result "1-0"]
[WhiteElo "2620"]
[BlackElo "2319"]
[EventDate "2005.04.04"]

1. e4 e6 2. d4 d5 3. Nc3 Nf6 4. e5 Nfd7 5. f4 c5 6. Nf3 Nc6 7. Be3 a6 8.
Qd2 b5 9. a3 cxd4 10. Nxd4 Nxd4 11. Bxd4 Bc5 12. Bxc5 Nxc5 13. Qd4 Qb6 14.
O-O-O Nd7 15. Ne2 Rb8 16. Qxb6 Rxb6 17. Nd4 f6 18. exf6 gxf6 19. Be2 e5 20.
Nf5 d4 21. Rhe1 Kd8 22. Bg4 Rg8 23. Bh3 Bb7 24. Rd2 Kc7 25. Ng3 exf4 26.
Rxd4 Ne5 27. Rxf4 Rc6 28. Rd1 Kb6 29. Ne4 Rg6 30. Nd6 a5 31. Nxb7 Kxb7 32.
Bf5 Rxg2 33. Be4 Rxh2 34. Bxc6+ Nxc6 35. Rxf6 b4 36. Rd7+ Kb6 37. Rdd6 Rh1+
38. Kd2 Rh2+ 39. Kd3 Rh3+ 40. Kc4 Rh4+ 41. Kb3 a4+ 42. Kxa4 bxa3+ 43. Kxa3
Rc4 44. c3 Kc7 45. Rd5 Nb8 1-0

[Event "7th Open"]
[Site "Dubai UAE"]
[Date "2005.04.04"]
[Round "1"]
[White "Simonsen,H"]
[Black "Iordachescu,V"]
[Result "0-1"]
[WhiteElo "2317"]
[BlackElo "2609"]
[EventDate "2005.04.04"]

1. d4 Nf6 2. c4 e6 3. Nf3 b6 4. g3 Ba6 5. Qa4 c6 6. Bg2 Be7 7. Nc3 O-O 8.
O-O d5 9. cxd5 cxd5 10. Bf4 b5 11. Nxb5 Qd7 12. Nc3 Qxa4 13. Nxa4 Bxe2 14.
Rfc1 Nbd7 15. Ne5 Rfc8 16. Be3 a5 17. f4 Bb5 18. Nc3 Ba6 19. Na4 Kf8 20.
Rxc8+ Rxc8 21. Rc1 Rxc1+ 22. Bxc1 Nxe5 23. fxe5 Nd7 24. Bd2 Bb5 25. Nc3 Bc6
26. a4 Bd8 27. Be3 Bb6 28. Kf2 Ke7 29. Ke2 Bb7 30. Kd2 Ba6 31. Bf3 Bc4 32.
Be2 Bxe2 33. Nxe2 Nb8 34. Kd3 Nc6 35. Bd2 f6 36. exf6+ gxf6 37. Be3 e5 38.
b3 Ke6 39. g4 Nxd4 40. Nxd4+ Bxd4 41. Bxd4 exd4 42. Kxd4 Kd6 43. h4 h6 44.
h5 Kc6 45. Kd3 Kc5 0-1

[Event "7th Open"]
[Site "Dubai UAE"]
[Date "2005.04.04"]
[Round "1"]
[White "Riazantsev,A"]
[Black "Asik,J"]
[Result "1-0"]
[WhiteElo "2608"]
[BlackElo "2305"]
[EventDate "2005.04.04"]

1. d4 e6 2. c4 b6 3. Nf3 Bb7 4. Nc3 Nf6 5. a3 Ne4 6. Nxe4 Bxe4 7. e3 Be7 8.
Bd3 Bxd3 9. Qxd3 O-O 10. O-O d6 11. e4 Nd7 12. b4 c5 13. bxc5 bxc5 14. d5
Rb8 15. dxe6 fxe6 16. Bd2 Ne5 17. Nxe5 dxe5 18. Qc2 Qd4 19. Be3 Qb2 20. Qd1
Qb3 21. Qd7 Kf7 22. Bxc5 Qb7 23. Rad1 Rfd8 24. Qxb7 Rxb7 25. Rxd8 Bxd8 26.
Bd6 Be7 27. c5 Bxd6 28. cxd6 g5 29. h4 gxh4 30. Rc1 Ke8 31. Rc5 Kd7 32.
Rxe5 Kxd6 33. Rh5 e5 34. f3 Re7 35. Rxh4 Kc5 36. Kf2 Kb5 37. Rh6 a5 38. Rd6
Ka4 39. Rd3 Rb7 40. g3 Rb2+ 41. Ke3 Rg2 42. Rd5 Rxg3 43. Rxe5 Rg7 44. Rd5
Ra7 45. Rd3 h5 46. e5 h4 47. f4 Rg7 48. Ke4 Rg1 49. e6 Re1+ 50. Re3 1-0

[Event "7th Open"]
[Site "Dubai UAE"]
[Date "2005.04.04"]
[Round "1"]
[White "Shashikant,K"]
[Black "Kotsur,P"]
[Result "0-1"]
[WhiteElo "2303"]
[BlackElo "2599"]
[EventDate "2005.04.04"]

1. e4 c5 2. Nf3 d6 3. d4 cxd4 4. Nxd4 Nf6 5. Nc3 Nc6 6. Bc4 Qb6 7. Nb3 e6
8. Qe2 a6 9. O-O Qc7 10. Bd3 Be7 11. Bd2 O-O 12. f4 Nd7 13. Rae1 Nb4 14.
Kh1 Nxd3 15. cxd3 b5 16. Rc1 Nc5 17. e5 Nxb3 18. axb3 Qd7 19. f5 exf5 20.
Nd5 Bd8 21. Bb4 Re8 22. Qf3 dxe5 23. Nc7 e4 24. dxe4 Bxc7 25. exf5 Be5 26.
Qxa8 Bb7 27. Rc7 Bxg2+ 28. Kxg2 Bxc7 29. Rd1 Rxa8 30. Rxd7 Rc8 31. Bc3 h6
32. h3 b4 33. Bxb4 Be5 34. Rd2 Rb8 35. Bd6 Bxd6 36. Rxd6 Rxb3 37. Rxa6 Rb5
38. b4 Rxf5 39. Ra3 Kf8 40. Rb3 Ke7 41. b5 Kd7 42. b6 Kc8 43. b7+ Kb8 44.
h4 h5 45. Kg3 Rc5 46. Kf4 Rc4+ 47. Kg5 g6 48. Rf3 Rg4+ 49. Kf6 Rxh4 50.
Kxf7 Rg4 51. Rb3 h4 52. Ke6 Rg3 53. Rb4 h3 54. Kd6 g5 55. Rb2 Rg2 56. Rb3
h2 0-1

[Event "7th Open"]
[Site "Dubai UAE"]
[Date "2005.04.04"]
[Round "1"]
[White "Sorokin,M"]
[Black "Khairallah,F"]
[Result "1/2-1/2"]
[WhiteElo "2599"]
[BlackElo "2298"]
[EventDate "2005.04.04"]

1. Nf3 Nf6 2. c4 g6 3. Nc3 d6 4. d4 Bg7 5. g3 c6 6. Bg2 Qa5 7. Bd2 O-O 8.
h3 Qa6 9. b3 b5 10. cxb5 cxb5 11. a4 bxa4 12. Rxa4 Qb6 13. Ne5 Bb7 14. Nc4
Qc7 15. d5 Nfd7 16. O-O Nb6 17. Nxb6 axb6 18. Rc4 Qd8 19. h4 Nd7 20. h5 Ba6
21. Rh4 Qc7 22. Ne4 Rfe8 23. Re1 Bb5 24. hxg6 hxg6 25. Bh6 Ra1 26. Qd2
Rxe1+ 27. Qxe1 Bxh6 28. Rxh6 Rc8 29. f4 Qc1 30. Qxc1 Rxc1+ 31. Kf2 Rc2 32.
Bf3 Rb2 33. Rh1 Rxb3 34. Ra1 Kg7 35. Ra7 Kf8 36. Ra8+ Kg7 37. Ra7 1/2-1/2

[Event "7th Open"]
[Site "Dubai UAE"]
[Date "2005.04.04"]
[Round "1"]
[White "Balaji,G"]
[Black "Zhang Zhong"]
[Result "0-1"]
[WhiteElo "2298"]
[BlackElo "2599"]
[EventDate "2005.04.04"]

1. e4 c5 2. Nc3 e6 3. f4 d5 4. Nf3 Nf6 5. e5 Nfd7 6. d4 Nc6 7. Ne2 Qb6 8.
c3 f6 9. a3 Be7 10. b4 cxd4 11. cxd4 a5 12. b5 Nd8 13. Nc3 Nf7 14. Bd3 O-O
15. Na4 Qc7 16. Rb1 Nb6 17. O-O Nxa4 18. Qxa4 Qb6 19. Bd2 Bd7 20. Rfc1 fxe5
21. fxe5 Nh6 22. Bxh6 gxh6 23. Qc2 Rf7 24. Qc7 Bd8 25. Qc3 Kg7 26. Bc2 Be7
27. Qd3 Kh8 28. Rf1 Rg7 29. a4 Rc8 30. Rf2 Qc7 31. Qd2 h5 32. Qh6 h4 33.
Rbf1 Rcg8 34. h3 Qd8 35. Kh1 Rf8 36. Bd3 Rff7 37. Kh2 Qf8 38. Nxh4 Rxf2 0-1

[Event "7th Open"]
[Site "Dubai UAE"]
[Date "2005.04.04"]
[Round "1"]
[White "Kacheishvili,G"]
[Black "Belouadah,S"]
[Result "1-0"]
[WhiteElo "2597"]
[BlackElo "2297"]
[EventDate "2005.04.04"]

1. d4 Nf6 2. c4 e6 3. Nf3 d5 4. Nc3 c6 5. Bg5 Nbd7 6. e3 Qa5 7. cxd5 exd5
8. Bd3 Ne4 9. O-O Nxg5 10. Nxg5 Nf6 11. Qc2 h6 12. Nf3 Bd6 13. Rae1 O-O 14.
Ne5 c5 15. Nb5 Bb8 16. Qxc5 Be6 17. Rc1 Ne4 18. Qa3 Qb6 19. Rc2 a6 20. Nc3
Bd6 21. Qa4 Nf6 22. Rfc1 Rac8 23. Ne2 Rxc2 24. Rxc2 Bc8 25. Nf4 Qd8 26. Qb3
Qa5 27. Rc1 g6 28. a3 Kg7 29. Be2 Re8 30. h3 Qd8 31. Bf3 Bxe5 32. dxe5 Rxe5
33. Qc3 Re8 34. Nxd5 b5 35. g4 Be6 36. Nc7 Rh8 37. Nxe6+ fxe6 38. Qe5 Re8
39. h4 Kf7 40. Kg2 Qe7 41. Rc6 1-0

[Event "7th Open"]
[Site "Dubai UAE"]
[Date "2005.04.04"]
[Round "1"]
[White "Areshchenko,A"]
[Black "Mamedjarova,Z"]
[Result "1-0"]
[WhiteElo "2595"]
[BlackElo "2286"]
[EventDate "2005.04.04"]

1. e4 e5 2. Nf3 Nc6 3. Bb5 a6 4. Ba4 Nf6 5. d3 b5 6. Bb3 Bc5 7. O-O d6 8.
h3 O-O 9. c3 h6 10. a4 Rb8 11. axb5 axb5 12. Re1 Re8 13. Nbd2 Be6 14. Bxe6
Rxe6 15. Nf1 d5 16. Ng3 dxe4 17. dxe4 Qxd1 18. Rxd1 b4 19. Kf1 bxc3 20.
bxc3 Rb3 21. Rd3 Rd6 22. Rxd6 cxd6 23. Bd2 Ne7 24. Be1 g6 25. Ng1 Kg7 26.
N1e2 h5 27. h4 Ng4 28. Nc1 Rb8 29. Nd3 Bb6 30. Rb1 Nc6 31. Ke2 Ba5 32. Rxb8
Nxb8 33. Nb4 Nf6 34. Kd3 Kf8 35. Kc4 Ke7 36. Kb5 Bd8 37. f3 Ke6 38. c4 Ne8
39. Ne2 Nc7+ 40. Ka4 Nd7 41. Bf2 Na8 42. Kb5 Bb6 43. Bxb6 Naxb6 44. Nc3 Nc8
45. Kc6 Ncb6 46. Ncd5 Nxc4 47. Na6 1-0

[Event "7th Open"]
[Site "Dubai UAE"]
[Date "2005.04.04"]
[Round "1"]
[White "Mari Arul,S"]
[Black "Zhang Pengxiang"]
[Result "0-1"]
[WhiteElo "2286"]
[BlackElo "2583"]
[EventDate "2005.04.04"]

1. e4 c5 2. Nf3 Nc6 3. Bb5 e6 4. Bxc6 bxc6 5. d3 Qc7 6. O-O d6 7. Nfd2 e5
8. f4 exf4 9. Nf3 Ne7 10. Bxf4 Ng6 11. Bd2 Be7 12. Bc3 O-O 13. d4 Ba6 14.
Rf2 Rad8 15. Qe1 Rde8 16. Qd1 d5 17. exd5 Nf4 18. dxc6 Bd6 19. Kh1 Re2 20.
Rxe2 Bxe2 21. Qe1 Bxf3 22. gxf3 Qxc6 23. Qe4 Qd7 24. Qe1 Re8 25. Qf1 cxd4
26. Bxd4 Ne2 27. c3 Qe6 28. Na3 Qh6 29. Qg2 Ng3+ 30. Kg1 Re2 31. hxg3 Rxg2+
32. Kxg2 Qd2+ 0-1

[Event "7th Open"]
[Site "Dubai UAE"]
[Date "2005.04.04"]
[Round "1"]
[White "Solak,D"]
[Black "Poulsen,Ma"]
[Result "1/2-1/2"]
[WhiteElo "2582"]
[BlackElo "2285"]
[EventDate "2005.04.04"]

1. e4 e6 2. d4 d5 3. Nd2 dxe4 4. Nxe4 Bd7 5. Nf3 Bc6 6. Bd3 Nd7 7. O-O Ngf6
8. Ng3 Bxf3 9. Qxf3 c6 10. c3 Be7 11. b4 O-O 12. Re1 Re8 13. a4 Bf8 14. Bg5
h6 15. Bd2 e5 16. Nf5 exd4 17. Rxe8 Nxe8 18. cxd4 Ndf6 19. b5 g6 20. Nxh6+
Bxh6 21. Bxh6 Qxd4 22. Rc1 Ng4 23. bxc6 bxc6 24. Qf4 Rd8 25. Be2 Nxh6 26.
Qxh6 Qxa4 27. h4 Ng7 28. g3 1/2-1/2

[Event "7th Open"]
[Site "Dubai UAE"]
[Date "2005.04.04"]
[Round "1"]
[White "Schmid,St"]
[Black "Fedorchuk,S"]
[Result "0-1"]
[WhiteElo "2273"]
[BlackElo "2577"]
[EventDate "2005.04.04"]

1. d4 Nf6 2. Nf3 e6 3. g3 b5 4. Bg2 Bb7 5. O-O c5 6. c3 Be7 7. Nbd2 O-O 8.
dxc5 Bxc5 9. Nb3 Bb6 10. Bg5 d5 11. Nbd4 a6 12. a4 bxa4 13. Qxa4 Nbd7 14.
Nd2 h6 15. Bxf6 Nxf6 16. e3 Qc7 17. Rfe1 e5 18. Ne2 Bc6 19. Qc2 Rfc8 20.
Bh3 Rd8 21. Rac1 Qa7 22. Bg2 Rac8 23. Qf5 Bxe3 24. Red1 Bb6 25. h3 Bd7 0-1

[Event "7th Open"]
[Site "Dubai UAE"]
[Date "2005.04.04"]
[Round "1"]
[White "Gelashvili,T"]
[Black "Saleh,Nab"]
[Result "1-0"]
[WhiteElo "2577"]
[BlackElo "2260"]
[EventDate "2005.04.04"]

1. e4 c6 2. d4 d5 3. e5 Bf5 4. h4 h5 5. c4 e6 6. Nc3 Nd7 7. cxd5 cxd5 8.
Bg5 Qa5 9. a3 a6 10. b4 Qb6 11. Rc1 Be7 12. Be2 Bg6 13. Nh3 Bxg5 14. hxg5
Ne7 15. Na4 Qd8 16. Nf4 h4 17. g3 Be4 18. f3 Nf5 19. fxe4 Nxg3 20. Rg1 Qxg5
21. Nh3 Qe3 22. Rc3 Qxe4 23. Qd3 Qxd3 24. Bxd3 b5 25. Nc5 Nxc5 26. Rxc5 1-0

[Event "7th Open"]
[Site "Dubai UAE"]
[Date "2005.04.04"]
[Round "1"]
[White "Anastasian,A"]
[Black "Sethuraman,S"]
[Result "1-0"]
[WhiteElo "2574"]
[BlackElo "2242"]
[EventDate "2005.04.04"]

1. c4 e5 2. Nc3 Nc6 3. g3 Bb4 4. Bg2 Nf6 5. Nd5 Bc5 6. e3 O-O 7. Ne2 Nxd5
8. cxd5 Ne7 9. b3 d6 10. d4 exd4 11. Nxd4 c6 12. dxc6 Bxd4 13. Qxd4 Nxc6
14. Qd2 Be6 15. Bb2 a5 16. O-O a4 17. bxa4 Rxa4 18. Rfd1 Qa5 19. Bc3 Qc5
20. Qb2 Ne5 21. Rd4 Nc4 22. Qxb7 Ra7 23. Qb4 Qc7 24. Be1 Rb8 25. Qc3 Ra3
26. Rxc4 Rxc3 27. Rxc3 Qa7 28. a4 Bd7 29. a5 Bb5 30. a6 h5 31. Rca3 Rb6 32.
Bc3 Rxa6 33. Rxa6 Bxa6 34. Bd4 Qc7 35. Rxa6 Qc1+ 36. Bf1 d5 37. Ra1 Qc6 38.
h4 f6 39. Be2 Qe8 40. Bf3 Qc6 41. Bxh5 Qb5 42. Kg2 Kh7 43. Bf3 Kg6 44. Rc1
Qb3 45. Rc5 Qb8 46. Rxd5 Kf7 47. e4 Qb4 48. e5 fxe5 49. Bxe5 Qe1 50. Bd4
Qb1 51. Rd7+ Ke8 52. Rxg7 1-0

[Event "7th Open"]
[Site "Dubai UAE"]
[Date "2005.04.04"]
[Round "1"]
[White "Guseinov,G"]
[Black "Molina,T"]
[Result "1-0"]
[WhiteElo "2573"]
[BlackElo "2234"]
[EventDate "2005.04.04"]

1. e4 c5 2. Nf3 d6 3. d4 cxd4 4. Nxd4 Nf6 5. Nc3 a6 6. Bg5 e6 7. f4 Qb6 8.
Qd2 Qxb2 9. Nb3 Nc6 10. Bxf6 gxf6 11. Na4 Qa3 12. Nb6 Rb8 13. Nc4 Qa4 14.
a3 b5 15. Nxd6+ Bxd6 16. Qxd6 Qxe4+ 17. Be2 Qd5 18. Qxd5 exd5 19. O-O-O Ne7
20. Rhe1 Be6 21. g4 f5 22. Bd3 Kf8 23. gxf5 Nxf5 24. Nc5 Ng7 25. f5 Nxf5
26. Rxe6 fxe6 27. Nxe6+ Ke7 28. Bxf5 Kd6 29. Ng5 Ke5 30. Bd3 Rb7 31. Re1+
Kf4 32. Nf7 Rg8 33. Rf1+ Ke3 34. Nd6 1-0

[Event "7th Open"]
[Site "Dubai UAE"]
[Date "2005.04.04"]
[Round "1"]
[White "Mehdi,S"]
[Black "Al Modiahki,M"]
[Result "0-1"]
[WhiteElo "2233"]
[BlackElo "2569"]
[EventDate "2005.04.04"]

1. e4 c5 2. Nf3 d6 3. d4 cxd4 4. Nxd4 Nf6 5. Nc3 a6 6. Bg5 e6 7. f4 Be7 8.
Qf3 h6 9. Bh4 g5 10. fxg5 Nfd7 11. Nxe6 fxe6 12. Qh5+ Kf8 13. Bd3 Ne5 14.
O-O+ Kg7 15. Rf6 Qe8 16. gxh6+ Kh7 17. Qe2 Bxf6 18. Bxf6 Rg8 19. Bg7 b5 20.
Rf1 Ra7 21. Rf6 Raxg7 22. hxg7 Rxg7 23. Qe3 Ng4 24. Qh3+ Kg8 25. Rf1 Qe7
26. a4 Qa7+ 0-1

[Event "7th Open"]
[Site "Dubai UAE"]
[Date "2005.04.04"]
[Round "1"]
[White "Neverov,V"]
[Black "Sorokina,A AUS"]
[Result "1-0"]
[WhiteElo "2566"]
[BlackElo "2230"]
[EventDate "2005.04.04"]

1. d4 Nf6 2. c4 e6 3. Nf3 Bb4+ 4. Nbd2 O-O 5. e3 Re8 6. Bd3 d6 7. O-O Bxd2
8. Qxd2 Nbd7 9. Re1 e5 10. e4 exd4 11. Nxd4 Ne5 12. Bf1 Ng6 13. f3 Bd7 14.
b3 a5 15. Bb2 Qc8 16. Rad1 h6 17. Nc2 Re6 18. Ne3 Ne8 19. c5 Ne7 20. Bc4
Rg6 21. f4 Bg4 22. f5 Bxd1 23. fxg6 Bh5 24. Bxf7+ Kh8 25. Nf5 1-0

[Event "7th Open"]
[Site "Dubai UAE"]
[Date "2005.04.04"]
[Round "1"]
[White "Patwardhan,O"]
[Black "Kunte,A"]
[Result "0-1"]
[WhiteElo "2230"]
[BlackElo "2561"]
[EventDate "2005.04.04"]

1. d4 Nf6 2. c4 c5 3. d5 b5 4. cxb5 a6 5. b6 a5 6. Nc3 Ba6 7. e4 Bxf1 8.
Kxf1 d6 9. Qa4+ Nfd7 10. f4 g6 11. e5 dxe5 12. fxe5 Bg7 13. Nf3 O-O 14. Qe4
Qxb6 15. g3 Na6 16. Kg2 c4 17. Re1 Nb4 18. Re2 Qb7 19. Qxc4 Rac8 20. Qg4
Nxd5 21. Qe4 e6 22. Bg5 N7b6 23. Nxd5 Nxd5 24. Bf6 Bxf6 25. exf6 Qa6 26.
Rf2 Nxf6 27. Qd4 Nd5 28. Ne5 Qb6 29. Qxb6 Nxb6 30. Rd1 Nd5 31. Kg1 Rc7 32.
Rdf1 Kg7 33. Re1 Rfc8 34. Rfe2 f6 35. Ng4 Rc6 36. h4 R8c7 37. Nh2 e5 38.
Rd2 Ne3 39. Ree2 Nf5 40. Kg2 Nd4 41. Rf2 Nc2 42. Nf1 Ne1+ 43. Kg1 e4 44.
Rd8 f5 45. Ne3 Nf3+ 46. Kg2 Rb7 47. Rd5 a4 48. Ra5 Ne1+ 49. Kh2 Nd3 0-1

[Event "7th Open"]
[Site "Dubai UAE"]
[Date "2005.04.04"]
[Round "1"]
[White "Sandipan,C"]
[Black "Vaidya,C"]
[Result "1-0"]
[WhiteElo "2558"]
[BlackElo "2230"]
[EventDate "2005.04.04"]

1. e4 e6 2. d4 d5 3. e5 c5 4. c3 Nc6 5. Nf3 Qb6 6. a3 Nh6 7. b4 cxd4 8.
cxd4 Nf5 9. Bb2 Be7 10. h4 h5 11. Bd3 a5 12. Qa4 Bd7 13. b5 Na7 14. Nc3 g6
15. g3 Kf8 16. O-O Kg7 17. Kg2 Nc8 18. Qd1 Qd8 19. Na4 Nb6 20. Nxb6 Qxb6
21. a4 Rac8 22. Qd2 Bb4 23. Qf4 Qd8 24. Bxf5 exf5 25. Ba3 Bxa3 26. Rxa3 Qe7
27. Raa1 b6 28. Rfc1 Be6 29. Qe3 Rc4 30. Nd2 Rhc8 31. Nxc4 dxc4 32. Kh2 Bd5
33. Qa3 Qb4 34. Rc3 Qxa3 35. Raxa3 Kf8 36. Ra1 Ke7 37. Kh3 Rc7 38. Rac1 Rc8
39. f3 Rc7 40. Kh2 Rc8 41. Kg1 Rc7 42. Kf2 Rc8 43. Ke3 Rc7 44. Kf4 Rc8 45.
g4 hxg4 46. fxg4 fxg4 47. Kxg4 Be6+ 48. Kg3 Bd5 49. Rf1 Rd8 50. Rf6 Be6 51.
Rxe6+ Kxe6 52. Rxc4 Kf5 53. Kf3 Rh8 54. Rc7 Rxh4 55. Rxf7+ Ke6 56. Rf6+ Ke7
57. Ke3 Rh3+ 58. Ke4 Ra3 59. Rxg6 Rxa4 60. Rxb6 Rb4 61. Kd3 1-0

[Event "7th Open"]
[Site "Dubai UAE"]
[Date "2005.04.04"]
[Round "1"]
[White "Doostkam,P"]
[Black "Kuzubov,Y"]
[Result "0-1"]
[WhiteElo "2228"]
[BlackElo "2558"]
[EventDate "2005.04.04"]

1. c4 Nf6 2. Nc3 e5 3. Nf3 Nc6 4. e3 Bb4 5. Qc2 O-O 6. Nd5 d6 7. a3 Ba5 8.
b4 Bb6 9. Nxb6 axb6 10. Bb2 Bg4 11. d3 Qe7 12. Be2 Nd8 13. O-O Ne8 14. Rac1
c5 15. Rfe1 f5 16. d4 e4 17. Nd2 Bxe2 18. Rxe2 Nc6 19. b5 cxd4 20. exd4 Na5
21. f3 d5 22. cxd5 e3 23. Bc3 Nd6 24. Qb2 Rac8 25. Rce1 f4 26. Bb4 Qd7 27.
Ne4 Nac4 28. Qa2 Rfd8 29. Ng5 Qf5 30. Ne6 Re8 31. a4 Qxd5 32. Nxf4 Qxd4 33.
Bxd6 Qxd6 34. Nh5 Kh8 35. Ng3 Nd2 36. Nf5 Qg6 37. Nd4 Qh5 38. Rxe3 Rxe3 39.
Rxe3 Rc1+ 40. Kf2 Qh4+ 41. Ke2 Re1+ 0-1

[Event "7th Open"]
[Site "Dubai UAE"]
[Date "2005.04.04"]
[Round "1"]
[White "Mahmoody,M"]
[Black "Gagunashvili,M"]
[Result "0-1"]
[WhiteElo "2218"]
[BlackElo "2547"]
[EventDate "2005.04.04"]

1. d4 d5 2. Nf3 Nf6 3. g3 c6 4. Bg2 Bf5 5. Nbd2 e6 6. O-O Nbd7 7. b3 Bd6 8.
Bb2 Qe7 9. Ne5 O-O 10. a4 Rac8 11. Ndf3 Rfd8 12. Nh4 Bxe5 13. dxe5 Ng4 14.
b4 Qxb4 15. Ba3 Qc4 16. e4 dxe4 17. Nxf5 exf5 18. Be7 Ngxe5 19. Bxd8 Rxd8
20. f4 Qc5+ 21. Kh1 Ng4 22. Qd2 e3 23. Qd3 Nf2+ 24. Rxf2 exf2 25. Rd1 Qe7
26. h4 h5 27. Kh2 a5 28. Qd2 g6 29. Qxa5 Re8 30. Rf1 Nf6 31. Kh3 Ng4 32.
Qd2 Qe1 33. Qd7 Re4 34. Qxb7 Ne3 35. Qb8+ Kg7 36. Qb2+ Kf8 37. a5 Nxf1 38.
a6 Re3 0-1